Vodík - univerzálny nosič energie
Vodík a jeho perspektívne využitie vo výrobe energie a v odvetví motorových vozidiel. Využitie vodíka- zníženie množstva skleníkových plynov a iných atmosferických kontaminantov. Technologické a ekonomické prekážky brzdiace rozsiahle využitie vodíka. Vytváranie noriem v oblasti systémov a zariadení...
Salvato in:
| Autore principale: | |
|---|---|
| Natura: | Capitolo di libro |
| Lingua: | slovacco |
| Soggetti: | |
| Tags: |
Nessun Tag, puoi essere il primo ad aggiungerne!!
|
MARC
| LEADER | 00000naa$a2200000$$$4500 | ||
|---|---|---|---|
| 001 | 0024770 | ||
| 005 | 20230511073951.9 | ||
| 041 | 0 | |a slo | |
| 044 | |a SK | ||
| 245 | 1 | 0 | |a Vodík - univerzálny nosič energie |c Randy Dey |
| 520 | |a Vodík a jeho perspektívne využitie vo výrobe energie a v odvetví motorových vozidiel. Využitie vodíka- zníženie množstva skleníkových plynov a iných atmosferických kontaminantov. Technologické a ekonomické prekážky brzdiace rozsiahle využitie vodíka. Vytváranie noriem v oblasti systémov a zariadení na tvorbu, skladovanie, transport, meranie a využívanie vodíka. Budovanie silnej komisie pre vodíkové technológie. Spolupráca spoločností z rôznych odvetví. | ||
| 610 | 2 | 0 | |a energia |
| 610 | 2 | 0 | |a energia slnečná |
| 610 | 2 | 0 | |a energia veterná |
| 610 | 2 | 0 | |a energia vodná |
| 610 | 2 | 0 | |a energia atómová |
| 610 | 2 | 0 | |a suroviny |
| 610 | 2 | 0 | |a automobily |
| 610 | 2 | 0 | |a produkcia |
| 610 | 2 | 0 | |a trh svetový |
| 610 | 2 | 0 | |a normy technické |
| 610 | 2 | 0 | |a spolupráca medzinárodná |
| 610 | 2 | 0 | |a vodík |
| 100 | 1 | |a Dey, Randy | |